000 00688nam a2200241 a 4500
001 44034
003 BD-RjUL
005 20211209053805.0
008 160712s1953 nyua 001 0 eng
035 _a(BD-RjUL)
040 _aDLC
_cODaWU
_dOCoLC
_dNGvP
_dDLC
_dBD-RjUL
_beng
041 _aeng
082 _222
_a332.4
_bCHE 1953
100 1 _aChandler, Lester Vernon,
_d1905-
_9130241
245 1 4 _aThe economics of money and banking /
_cLester Vernon Chandler
250 _aRev. ed.
260 _aNew York :
_bHarper,
_c1953
300 _a742 p. :
_bill. ;
_c22 cm.
500 _aIncludes index.
650 0 _aMoney.
_9135254
650 0 _aBanks and banking.
_9135255
942 _2ddc
_cBK
999 _c44034
_d44034